Culture Générale - Série 1694 - Statistiques

Statistiques générales
  • Ce quiz a été pris 82 fois
  • Le résultat moyen est 4 sur 10
Statistiques - réponses
Question Réponse % Correct
Quel terme désigne l'exposé oral, effectué par un avocat, des faits d'un procès et des prétentions de son client ? plaidoirie
74%
Dans quel pays se trouve le confluent du Nil blanc et du Nil bleu ? Soudan
72%
Quelle est la capitale de l'Ouzbékistan ? Tachkent
68%
Quelle est la capitale du Botswana ? Gaborone
49%
Quelle est la capitale de la Zambie ? Lusaka
46%
Quelle ville du Morbihan abrite le port de pêche de Keroman ? Lorient
36%
Quel peintre français réalise la série des "Joueurs de cartes", au début des années 1890 ? Paul Cézanne
32%
Quel fruit appelait-on “téton de Vénus”, sous Louis XIV ? pêche
27%
Quel écrivain français, spécialiste des romans d'anticipation, a écrit "Les Chemins de Katmandou" et "Le Grand Secret" ? René Barjavel
18%
Quelle maladie contagieuse est due au bacille de Bordet-Gengou ? coqueluche
5%
Aucun quiz correspondant
Distribution des résultats
% des personnes avec chaque résultat
Percentile par nombre de réponses
Votre historique - résultats
Vous n’avez pas pris ce quiz